| 000 | 00829cab a2200229 4500 | ||
|---|---|---|---|
| 001 | ABS50570 | ||
| 008 | 090401t1994 xxu||||| |||| 00| 0 eng d | ||
| 035 | _a(Sirsi) u76505 | ||
| 041 | _aeng | ||
| 100 | _aTarris, P. | ||
| 245 | 4 | _aThe Construction Industry Council | |
| 260 | _c1994 | ||
| 350 | _a0 | ||
| 490 |
_aCSM (Chartered Surveyor Monthly) _v8(3) May 1994, 44-45(2) |
||
| 520 | _aCharts the history of the CIC as an umbrella organisation to represent the construction industry`s professional organisations at government level. Describes its initiatives on the Latham review, CONDAM regulations, CCT, construction liability and other current issues. | ||
| 650 | _aCONSTRUCTION INDUSTRY COUNCIL | ||
| 650 | _aLOBBYING | ||
| 650 | _aPROFILE | ||
| 690 | _aBUILT ENVIRONMENT | ||
| 942 | _n0 | ||
| 948 | _c04/03/1997 | ||
| 999 |
_c48108 _d48108 |
||